WFF'N PROOF: THE GAME OF MODERN LOGIC/
Guardado en:
| Hovedforfatter: | |
|---|---|
| Format: | Bog |
| Fag: | |
| Tags: |
Ingen Tags, Vær først til at tagge denne postø!
|
MARC
| LEADER | 00000nam^a2200000^a^4500 | ||
|---|---|---|---|
| 001 | 000215795 | ||
| 005 | 20250521000000.0 | ||
| 009 | 20260310103637.607 | ||
| 035 | |a 015915 | ||
| 037 | |a Acervo Xavier Clavigero | ||
| 082 | |a 511. 3 |b ALL | ||
| 100 | |a Allen, Layman E. |e (autor) | ||
| 245 | 1 | 0 | |a WFF'N PROOF: |b THE GAME OF MODERN LOGIC/ |c LAYMAN E. ALLEN |
| 264 | |a EE.UU. : |b ASSOCIATE PROFESSOR OF LAW, |c 1970 | ||
| 300 | |a 168p. : |b tbs. | ||
| 336 | |a texto |b txt |2 rdacontenido | ||
| 337 | |a sin mediación |b n |2 rdamedio | ||
| 338 | |a volumen |b nc |2 rdasoporte | ||
| 649 | |a XX | ||
| 650 | |a Lógica Matemática | ||
| 910 | |a Fondo General | ||
| 920 | |a Impresos - Libros | ||
| 930 | |a Colección General | ||
| 905 | |a 101 | ||
| 901 | |a 015915 |b IT1 |c ACC |i 015915 |u 20250521 | ||
| 902 | |a https://opac.biblio.iteso.mx/vufind/Record/000215795 | ||